000 00627nam a2200193 a 4500
003 AM-YeHGA
040 _aAM-YeHGA
090 _c157609
001 000410481
005 20250618072418.0
008 050218s1925 ai 000 | arm d
041 0 _aarm
110 2 _aՅակոբեան Սարգիս գրատուն
245 1 0 _aԸնդարձակ գրացուցակ Սարգիս Յակոբեան գրատան.
260 _aԿ. Պոլիս :
_bտպ. Կիւթէմպէրկ Կ. Մագասճեան եւ ընկ.,
_c1925.
300 _aԱ-Զ, 121 էջ ;
_c15 սմ.
650 1 4 _aԳրացուցակներ
_94786
942 _2udc
_cBK
999 _c156210
_d156210